The Furniture industry in the European Union-Part II : September 2008.
| Format: | Book |
|---|---|
| Published: |
Milan:
Centre for Industrial Studies,
2008.
|
| Subjects: |
| LEADER | 00445cam a2200133 7i4500 | ||
|---|---|---|---|
| 001 | 0000022836 | ||
| 005 | 20090522090000.0 | ||
| 090 | 0 | 0 | |a P 684.1 |b CEN |
| 245 | 0 | 0 | |a The Furniture industry in the European Union-Part II : |b September 2008. |
| 260 | 0 | 0 | |a Milan: |b Centre for Industrial Studies, |c 2008. |
| 300 | # | # | |a 2v.[v.p]. |
| 650 | 0 | 0 | |a Furniture industry and trade -- |z Bulgaria |
| 651 | 0 | 0 | |a Bulgaria |
| 999 | |a B000024320 |b Book |c Products |e Business Information Centre | ||